000 004440000a22001690004500
003 LK-CoMWRAF
008 230817t ||||| |||| 00| 0 eng d
020 _a0415231264
040 _aLK-CoMWRAF
_dLK-CoMWRAF
_eLK-CoMWRAF
041 _aeng
082 _a410
_bPAL
245 _aFifty Great Thinkers and Education
_bFrom Confucius to Dewey
260 _bRoutledge
_aLondon
_c2004
300 _ap.254
700 _aPalmer,, Joy A.
_eed.
942 _cBK
999 _c793
_d793